[Event "Schoeneck Schoebel Memorial 1st"]
[Site "Schoeneck"]
[Date "2017.12.28"]
[Round "3"]
[White "Grzeschniok, Anton"]
[Black "Dunsbach, Ralf"]
[Result "0-1"]
[WhiteElo "1876"]
[BlackElo "2206"]
[PlyCount "92"]
[EventDate "2017.12.27"]
[EventType "swiss"]
[EventRounds "7"]
[EventCountry "GER"]
[SourceTitle "CBM 182 Extra"]
[Source "ChessBase"]
[SourceDate "2018.02.23"]
[SourceVersion "1"]
[SourceVersionDate "2018.02.23"]
[SourceQuality "1"]

1. e4 c5 2. Nf3 d6 3. d4 cxd4 4. Nxd4 Nf6 5. Nc3 g6 6. Be3 Bg7 7. Bc4 0-0 8. Bb3 Nc6 9. Qd2 Ng4 10. Nxc6 bxc6 11. Bd4 Bh6 12. Qd3 e5 13. Be3 Nxe3 14. fxe3 Qg5 15. Kf2 Be6 16. Rhe1 Rad8 17. Kg1 d5 18. exd5 cxd5 19. e4 dxe4 20. Nxe4 Qe7 21. Qf3 Bxb3 22. axb3 f5 23. Nc3 e4 24. Qe2 Qc5+ 25. Qf2 e3 26. Qf3 Rfe8 27. Re2 Bg7 28. h3 h5 29. Kh1 Rd2 30. Rae1 Rxe2 31. Rxe2 Bxc3 32. bxc3 Qxc3 33. Qd5+ Kf8 34. Qd6+ Kf7 35. Qd5+ Re6 36. Qd7+ Re7 37. Qd5+ Kg7 38. Qd6 Qf6 39. Qd3 f4 40. c4 a5 41. Qd5 Qe5 42. Qxe5+ Rxe5 43. Kg1 g5 44. g4 hxg4 45. hxg4 f3 46. Ra2 e2 0-1

[Event "Hessen-ch op-B"]
[Site "Frankfurt Sossenheim"]
[Date "2015.??.??"]
[Round "7"]
[White "Grzeschniok, Anton"]
[Black "Lopez, Victor"]
[Result "1/2-1/2"]
[WhiteElo "1895"]
[BlackElo "1669"]
[PlyCount "96"]
[EventDate "2015.05.13"]
[EventType "swiss"]
[EventRounds "7"]
[EventCountry "GER"]
[SourceTitle "EXT 2016"]
[Source "ChessBase"]
[SourceDate "2015.10.08"]
[SourceVersion "1"]
[SourceVersionDate "2015.10.08"]
[SourceQuality "1"]

1. e4 e5 2. Nf3 Nc6 3. Nc3 d6 4. d4 exd4 5. Nxd4 Nf6 6. Bg5 Be7 7. Bb5 Bd7 8. 0-0 0-0 9. Bxc6 Bxc6 10. Nxc6 bxc6 11. Re1 h6 12. Bh4 Nd7 13. Bxe7 Qxe7 14. Qd4 Nb6 15. Re3 c5 16. Qd3 Qe5 17. b3 Qe6 18. Rd1 c4 19. Qd4 cxb3 20. axb3 Rfe8 21. Ra1 Qe5 22. Qxe5 Rxe5 23. f4 Rc5 24. Kf1 a5 25. Ra2 d5 26. exd5 Nxd5 27. Nxd5 Rxd5 28. Rc3 Ra7 29. Ke2 Rd4 30. Ke3 Rb4 31. Rc5 a4 32. Rxa4 Rbxa4 33. bxa4 Rxa4 34. Rxc7 Kf8 35. g3 f5 36. h3 Re4+ 37. Kf3 Ra4 38. g4 fxg4+ 39. hxg4 g6 40. f5 gxf5 41. gxf5 Ra5 42. Kg4 h5+ 43. Kxh5 Rxf5+ 44. Kg6 Rf1 45. c4 Ke8 46. Rc5 Kd7 47. Ra5 Kc6 48. Ra2 Rc1 1/2-1/2

[Event "Hessen-ch op-B"]
[Site "Frankfurt Sossenheim"]
[Date "2015.??.??"]
[Round "5"]
[White "Grzeschniok, Anton"]
[Black "Werle, Joshua"]
[Result "0-1"]
[WhiteElo "1895"]
[BlackElo "1776"]
[PlyCount "72"]
[EventDate "2015.05.13"]
[EventType "swiss"]
[EventRounds "7"]
[EventCountry "GER"]
[SourceTitle "EXT 2016"]
[Source "ChessBase"]
[SourceDate "2015.10.08"]
[SourceVersion "1"]
[SourceVersionDate "2015.10.08"]
[SourceQuality "1"]

1. e4 Nf6 2. d3 d5 3. Qe2 e5 4. Bg5 d4 5. f4 h6 6. Bxf6 Qxf6 7. fxe5 Qxe5 8. Nd2 Nc6 9. a3 Be6 10. Ngf3 Qb5 11. b3 Be7 12. Qf2 Qc5 13. Ra2 0-0 14. Be2 Rfd8 15. 0-0 a5 16. Rc1 a4 17. b4 Qb6 18. Rb2 Na7 19. Nc4 Bxc4 20. dxc4 c5 21. b5 Qe6 22. Bd3 Nc8 23. Qe2 Re8 24. Rbb1 Bf6 25. Rf1 Nd6 26. Rbe1 Bd8 27. Rf2 Ba5 28. Nd2 f6 29. Qf1 Nf7 30. Ree2 Ne5 31. Re1 Ng4 32. Rfe2 Ne3 33. Qf3 Bc3 34. Rxe3 dxe3 35. Rxe3 Bxd2 36. Re2 Bc1 0-1

[Event "Eschborn op 10th"]
[Site "Eschborn"]
[Date "2013.09.01"]
[Round "5"]
[White "Von Bassewitz, Ingo"]
[Black "Grzeschniok, Anton"]
[Result "1/2-1/2"]
[WhiteElo "1559"]
[BlackElo "1622"]
[PlyCount "143"]
[EventDate "2013.08.30"]
[EventType "swiss"]
[EventRounds "5"]
[EventCountry "GER"]
[SourceTitle "EXT 2014"]
[Source "ChessBase"]
[SourceDate "2013.11.20"]
[SourceVersion "1"]
[SourceVersionDate "2013.11.20"]
[SourceQuality "1"]

1. e4 e5 2. f4 exf4 3. Nc3 Qh4+ 4. Ke2 d6 5. Nf3 Bg4 6. Nd5 Na6 7. Qe1 Qd8 8. Nxf4 Nf6 9. d3 Qe7 10. h3 Bxf3+ 11. gxf3 d5 12. Be3 dxe4 13. fxe4 0-0-0 14. Kf3 Nb4 15. Qc3 Nc6 16. a3 g5 17. Ne2 Rg8 18. Rg1 g4+ 19. Kf2 Bg7 20. Qc5 Qxc5 21. Bxc5 Nd7 22. Be3 Bxb2 23. Ra2 Bf6 24. hxg4 Bh4+ 25. Kf3 Nde5+ 26. Kg2 Nxg4 27. Bf4 Nge5+ 28. Kh3 Rxg1 29. Nxg1 Bf2 30. Ne2 Ng6 31. Bg5 Rg8 32. Kh2 Nd4 33. Nxd4 Bxd4 34. Bh3+ Kb8 35. Bf5 Be5+ 36. Kh1 Nf4 37. Bxf4 Bxf4 38. c4 c5 39. Rg2 Rxg2 40. Kxg2 h6 41. Kf3 Bg5 42. e5 Kc7 43. e6 fxe6 44. Bxe6 Kb6 45. Bd7 Ka5 46. Ke4 Bh4 47. d4 cxd4 48. Kxd4 Bf6+ 49. Kd3 Bb2 50. a4 Kb4 51. Be8 Kc5 52. Bf7 Kd6 53. Ke4 Ke7 54. Bd5 b6 55. Bc6 h5 56. Kd5 h4 57. c5 h3 58. cxb6 axb6 59. Kc4 Kd6 60. Kb5 Kc7 61. Bf3 Bc3 62. Bg4 h2 63. Bf3 Ba5 64. Kc4 Kd6 65. Kd4 Be1 66. Bd5 Bf2+ 67. Kc4 Be1 68. Bh1 Ke5 69. Kd3 Kf4 70. Ke2 Bb4 71. Kf1 Ke3 72. Bc6 1/2-1/2